000 00362nam a2200121Ia 4500
008 220217s9999 xx 000 0 und d
245 0 _aMethods of test for polybutadiene rubbers. Part V. Determination of gel content.
260 _c1984
500 _aStandard number: IS 10016 (Part IV)
650 _aGel content
650 _aPolybutadiene rubber
942 _cST
999 _c73398
_d73398